Taylor Swift - The Life of a Showgirl Last Lines Quiz - Statistics

General Stats
  • This quiz has been taken 49 times
  • The average score is 11 of 12
Answer Stats
Hint Answer % Correct
"But you can call me _____ if you want" Honey
100%
"It's ________ _________, it's so romantic" Actually Romantic
94%
"We're the ones with matching scars" CANCELLED!
94%
"I'm never gonna leave you now" Eldest Daughter
94%
"Don't you ever end up anything but mine, oh" Elizabeth Taylor
94%
"You know, you remind me of a younger me, I saw potential" Father Figure
94%
"But now the sky is ______, oh-oh, oh, oh, oh, oh" Opalite
94%
"Should've kissed you anyway" Ruin The Friendship
94%
"You saved my heart from ___ ____ __ _______" The Fate of Ophelia
94%
"That's our show, we love you so much, goodnight" The Life of a Showgirl
94%
"His love was the key that opened my skies" Wood
94%
"Boss up, settle down, got a ____ ____, I just want you" Wi$h Li$t
89%
No matching quizzes found
Score Distribution
Percent of People with Each Score
Percentile by Number Answered
Your Score History
You have not taken this quiz